000 01171nam a22002537a 4500
003 UA-OsUOA
001 136186
007 ta
008 20190313b un ||||| |||| 00| 0 ukr d
090 _bE-23
942 _cMGN
040 _aUA-OsUOA
_beng
_cUA-OsUOA
_dUA-OsUOA
245 _aEurasian Journal of Social Sciences
_cGiray Gozgor (Managing Editor)
955 _a1
041 _aeng
022 _a2148-0214
856 4 0 _uhttp://eurasianpublications.com/Eurasian-Journal-of-Social-Sciences/Vol.-5-No.2-2017.aspx
520 3 _aEurasian Journal of Social Sciences (EJSS) accepts articles on topics that combines social sciences (such as politics, education, psychology, sociology but not limited to) and fields like economics, business, finance, and management. In addition to th
520 3 _aeoretical and empirical analysis, EJSS welcomes literature surveys and book reviews.While EJSS attracts more papers from European and Asian economies, all papers from related fields on any region or country are highly encouraged. For submission, p
520 3 _alease send your paper to ejss@eurasianpublications.com
260 _c2017
246 3 1 _a2
_n
650 7 _2UDC
999 _c417074
_d417074